| 000 | 00468nam a2200157Ia 4500 | ||
|---|---|---|---|
| 003 | OSt | ||
| 005 | 20200625131202.0 | ||
| 008 | 190216s9999||||xx |||||||||||||| ||und|| | ||
| 040 | _coclc | ||
| 082 |
_a954 _bISH/M |
||
| 100 |
_aIshaq, Padmavathi _93237 |
||
| 245 | 0 |
_aMadhyakalendia Charitram / _cPadmavathi Ishaq |
|
| 260 |
_bKerala Bhasha Institute, _c1970. _aThiruvananthapuram: |
||
| 300 | _a166p | ||
| 942 |
_cBK _2ddc _h954 _iISH/M _k954 _mISH/M |
||
| 999 |
_c37554 _d37554 |
||